000 01396cam a22003737a 4500
003 CHAP
005 20220817043433.0
008 980423d1997 mx ab r s00010 spa d
010 _a75370
011 _a76342
020 _a9688383791
035 _a85924
040 _cCHAP
082 0 4 _a972
_bM4
110 2 _aMéxico. Secretaría de Desarrollo Social
245 1 3 _aEl municipio en la consulta nacional sobre derechos y participación indígena
_c/por Secretaría de Desarrollo Social
260 _aMéxico, D. F. :
_bSecretaría de Desarrollo Social,
_c1997.
300 _a347 p. :
_bilus. ; mapas ; gráfs.
490 0 _aCuadernos del Instituto Nacional de Solidaridad
590 _aBATCH-UPD
_b10
_c20130110
_lUCH01
_h0520
590 _aBATCH-UPD
_b10
_c20130410
_lUCH01
_h0159
590 _aBATCH-UPD
_b10
_c20130914
_lUCH01
_h1109
590 _aCONVERSION
_b10
_c20130109
_lUCH01
_h1341
650 1 4 _aDerechos humanos.
_931916
650 1 4 _aIndios de México
_xCondiciones sociales.
_957626
650 1 4 _aIndios de México
_xCultura.
_957627
650 1 4 _aIndios de México
_xLeyes.
_957632
830 0 0 _aCuadernos del Instituto Nacional de Solidaridad
_929844
901 _aBK
905 _aLilia Sánchez G.
942 _cLIBRO
949 _a972 M4
_bBC
_cC
_d33724000585030
_eC
_fc.2
_h93174
_i85924
_kDonaciØn
_sb
949 _a972 M4
_bBC
_cC
_d33724000585048
_eC
_h93164
_i85924
_kDonaciØn
_sb
999 _c75370
_d75370